=LDR 00000nam 2200000 4500 =001 INLIS000000000030309 =005 20130612132450 =008 ***********************************eng** =035 ##$$0010-061300000030309 =041 ##$$a eng =082 ##$$a 362.7 =090 ##$$a 362.7, McC c =100 ##$$a McCandless, Boyd R =245 ##$$a Children and adolescents, Boyd R. McCandless =260 ##$$a Rinehart and Wiston $b NewYork =300 ##$$a viii, 485 hlm., 23 cm =650 ##$$a Pendidikan Anak =850 ##$$a NBPNMAT